Score 0/16 Timer 02:00
0 Plays Today
Song Missing Word % Correct
Mine, Mine, _____! Mine
92.7%
_____ Knows BestMother
91.3%
The Siamese _____ SongCat
89.4%
Poor Unfortunate _____Souls
78.8%
Love is an Open _____Door
78.4%
Prince _____ (Reprise)Ali
76.1%
Who's Been Painting My _____ Red?Roses
66.7%
Be _____Prepared
66.5%
Song Missing Word % Correct
_____ in MeTrust
62.8%
_____ on the Other SideFriends
48.3%
The World's _____ Criminal MindGreatest
47.4%
The _____ SongMob
39.4%
_____ Madame MimMad
34.9%
____ ThereOut
34.5%
_____-Diddle-Dee-DeeHi
34.3%
The _____ Captain HookElegant
12%

Today's Daily Dose

Remove Ads.
Support Sporcle.
Get the best of Sporcle when you Go Orange. This ad-free experience offers more features, more stats, and more fun while also helping to support Sporcle. Thank you for becoming a member.

You're not logged in!

Compare scores with friends on all Sporcle quizzes.
OR
Log In

Show Comments

Extras

Top Quizzes Today


Score Distribution

Your Account Isn't Verified!

In order to create a playlist on Sporcle, you need to verify the email address you used during registration. Go to your Sporcle Settings to finish the process.

Report this User

Report this user for behavior that violates our Community Guidelines.

Details: